| 000 | 00557nam a2200205 i 4500 | ||
|---|---|---|---|
| 001 | bg | ||
| 100 | 1 | _aSASIN, Wiesław | |
| 245 | 1 | 0 |
_aAnaliza ekonomiczna firmy / _cWiesław Sasin. |
| 260 |
_aŁódź : _bAgencja Wydawnicza Interfart, _c2000. |
||
| 300 |
_a160, [1] s. : _bwykr. ; _c21 cm. |
||
| 650 | 9 |
_aPrzedsiębiorstwo _xekonomika _xbadanie |
|
| 655 | _aPodręczniki | ||
| 020 | _a838693929X | ||
| 040 | _cBPK | ||
| 041 | 0 | _apol | |
| 080 | _a658.14/.17(07) | ||
| 920 | _a83-86939-29-X | ||
| 942 | _cKS | ||
| 008 | s pl f |000 0 pol | ||
| 999 |
_c53549 _d53549 |
||
| 856 |
_uhttp://koha.tu.koszalin.pl/cgi-bin/koha/opac-detail.pl?biblionumber=53549 _yKatalog online BPK |
||